Widok standardowy
Widok MARC
Pozycja Personal Name
Liczba rekordów, w których użyto hasła: 1
001 - Numer kontrolny
- control field: 40159
003 - Identyfikator numeru kontrolnego
- control field: NUKAT
005 - Data i czas ostatniej modyfikacji
- control field: 20260416124442.0
008 - Dane kontrolne kodowane (40 znaków)
- fixed length control field: 091113n||a|znnaabn |a aaa |c
010 ## - Numer kontrolny Biblioteki Kongresu
- numer kontrolny LC: n 2099054162
040 ## - Instytucja sporządzająca rekord
- inst. przygot. dane do rek. khw: WR U/jm
- język haseł przedmiotowych/tezaurus: kaba
- inst. wprow. rek. khw: WR U/jm
- inst. modyf. rek. khw: WR U/da
- inst. modyf. rek. khw: WA U/MM
046 ## - Special dates
- Birth date: 1971
100 1# - Hasło - nazwa osobowa
- nazwa osobowa w formie ujednoliconej: Stempowski, Tomasz
- daty biograficzne: (1971- ).
400 1# - Trop zob. - nazwa osobowa
- nazwa osobowa (nazwisko, imiona): Stempovsʹkij, Tomaš.
670 ## - Źródło informacji
- źródło informacji: Prawo w filmie / Katarzyna Bieszke [et al.]. - Warszawa, cop. 2009.
- gdzie znaleziono informację: Red. ; inf. o osobie
670 ## - Źródło informacji
- źródło informacji: Kp. Amerikanecʹ v Ukraïnì / opracûvannâ katalogu Monìka Kapa-Cìhocʹka, Tomaš Stempovsʹkij. - Kiïv ; Varšava, 2021.
670 ## - Źródło informacji
- źródło informacji: Strona Przystanku Historia, IPN, 29.11.2021
- gdzie znaleziono informację: (Urodzony w 1971 r., historyk i archiwista IPN, [...])
- adres internetowy: https://przystanekhistoria.pl/pa2/autorzy/66180,Tomasz-Stempowski.html
675 ## - Źródło nie podające informacji
- wskazanie źródła: BNPol online